000 00372nam a2200157Ia 4500
008 230711s9999||||xx |||||||||||||| ||und||
041 _aENG
082 _b624
100 _aMitchell,Scott
245 0 _aAutomotive engines
250 _a1st
260 _c1989
_aNew Delhi
_bPHI Learning Private Limited
300 _a364
650 _aMechanical Engineering
942 _cBK
999 _c1856
_d1856